LEADER 01086nam a2200229 4500 001 000000365658 003 CaOOAMICUS 005 20251224152626.0 008 251210s1926 fr a 000 u fre r 040 $aSeMil$bita 100 1 $aGosselin, Théodore,$c.$0(OLS)http://semarc/name/123542 245 13$aRobespierre et la "Mère de Dieu" :$ble mysticisme révolutionnaire /$cG. Lenotre. 264 1$aParis :$bPerrin & Cie,$c1926. 300 $a333 p., [7] carte di tav. :$bill. ;$c21 cm 600 14$aRobespierre, Maximilien : de <1758-1794>.$0(OLS)http://semarc/subject/17086 650 4$aRivoluzione francese <1789-1799> - Storia religiosa.$0(OLS)http://semarc/subject/57816 850 $aSeMil 852 $aSeMil$W1$xVenegono$y1$m3U III 599$j265832$B256476$CSeMilBibl$Z2$F256476 $81 961 $aFamiglia Ravenna - Omaggio 996 $6245$aRobespierre et la "Mère de Dieu" :$ble mysticisme révolutionnaire$9(OLS)http://semarc/title/457293 996 $6264$aParis :$bPerrin & Cie$9(OLS)http://semarc/publisher/38196 LEADER 01055nam a2200253 i 4500 001 000000115543 003 CaOOAMICUS 005 20030523000000.0 008 030523s2003 it u000 u ita u 013 $a88232 040 $aSeMil$bita 245 10$aDopo 15 anni d'azione cattolica pratica di don Luigi Mari. 250 $aristampa anastatica. 260 $aGavirate :$bNicolini,$c2003. 300 $aXX, 190 p. ;$c19 cm. 490 0 $aI reprint della Società Storica Varesina ;$v4 500 $aFac simile dell'ed. : Milano : Premiata Tip. Pont. ed Arcivescovile di San Giuseppe. 650 4$aBrebbia.$0(OLS)http://semarc/subject/10025 830 2$aI reprint della Società Storica Varesina ;$v4.$0(OLS)http://semarc/title/12351 850 $aSeMil 852 $aSeMil$W1$xVenegono$y1$m3P I 51$j71057$B71057$CSeMilBibl$Z2$F86122 $81 961 $aOmaggio: Altro 996 $6245$aDopo 15 anni d'azione cattolica pratica di don Luigi Mari$9(OLS)http://semarc/title/169251 996 $6260$aGavirate :$bNicolini$9(OLS)http://semarc/publisher/32542